<?xml version="1.0" encoding="UTF-8"?>
<record
    xmlns:xsi="http://www.w3.org/2001/XMLSchema-instance"
    xsi:schemaLocation="http://www.loc.gov/MARC21/slim http://www.loc.gov/standards/marcxml/schema/MARC21slim.xsd"
    xmlns="http://www.loc.gov/MARC21/slim">

  <leader>00268nam a22001217a 4500</leader>
  <datafield tag="999" ind1=" " ind2=" ">
    <subfield code="c">23184</subfield>
    <subfield code="d">23184</subfield>
  </datafield>
  <controlfield tag="003">Nust</controlfield>
  <controlfield tag="005">20170515114504.0</controlfield>
  <controlfield tag="008">170321b        xxu||||| |||| 00| 0 eng d</controlfield>
  <datafield tag="020" ind1=" " ind2=" ">
    <subfield code="a">8129710005</subfield>
  </datafield>
  <datafield tag="040" ind1=" " ind2=" ">
    <subfield code="a">DLC</subfield>
    <subfield code="b">DLC</subfield>
    <subfield code="c">RCMS</subfield>
  </datafield>
  <datafield tag="082" ind1=" " ind2=" ">
    <subfield code="a">621.382 HAY</subfield>
  </datafield>
  <datafield tag="100" ind1=" " ind2=" ">
    <subfield code="a">SIMON HAYKIN, MICHEAL MOHER</subfield>
    <subfield code="9">699</subfield>
  </datafield>
  <datafield tag="245" ind1=" " ind2=" ">
    <subfield code="a">MODERN WIRELESS COMMUNICATIONS </subfield>
  </datafield>
  <datafield tag="260" ind1=" " ind2=" ">
    <subfield code="a">INDIA</subfield>
    <subfield code="b">PEARSON</subfield>
    <subfield code="c">2005</subfield>
  </datafield>
  <datafield tag="300" ind1=" " ind2=" ">
    <subfield code="a">x,570,p:</subfield>
    <subfield code="b">ill:</subfield>
    <subfield code="c">26,cm.</subfield>
  </datafield>
  <datafield tag="538" ind1=" " ind2=" ">
    <subfield code="i">Shelf # 15, Row # 2, Communication.
Shelf # 15, Row # 3, Communication.</subfield>
  </datafield>
  <datafield tag="650" ind1=" " ind2=" ">
    <subfield code="a">Electrical &amp; Electronic Engineering</subfield>
    <subfield code="9">700</subfield>
  </datafield>
  <datafield tag="856" ind1=" " ind2=" ">
    <subfield code="3">Table of Content Only</subfield>
  </datafield>
  <datafield tag="942" ind1=" " ind2=" ">
    <subfield code="c">BK</subfield>
    <subfield code="2">ddc</subfield>
  </datafield>
  <datafield tag="952" ind1=" " ind2=" ">
    <subfield code="0">0</subfield>
    <subfield code="1">0</subfield>
    <subfield code="4">0</subfield>
    <subfield code="7">0</subfield>
    <subfield code="a">NQC</subfield>
    <subfield code="b">NQC</subfield>
    <subfield code="c">GEN</subfield>
    <subfield code="d">2013-03-05</subfield>
    <subfield code="o">621.382</subfield>
    <subfield code="p">RCMS000425</subfield>
    <subfield code="r">2013-03-05</subfield>
    <subfield code="w">2017-01-05</subfield>
    <subfield code="y">BK</subfield>
  </datafield>
  <datafield tag="952" ind1=" " ind2=" ">
    <subfield code="0">0</subfield>
    <subfield code="1">0</subfield>
    <subfield code="2">ddc</subfield>
    <subfield code="4">0</subfield>
    <subfield code="7">0</subfield>
    <subfield code="a">RCMS</subfield>
    <subfield code="b">RCMS</subfield>
    <subfield code="c">GEN</subfield>
    <subfield code="d">2013-03-05</subfield>
    <subfield code="l">1</subfield>
    <subfield code="m">1</subfield>
    <subfield code="o">621.382</subfield>
    <subfield code="p">RCMS000328</subfield>
    <subfield code="r">2023-11-07</subfield>
    <subfield code="s">2022-09-29</subfield>
    <subfield code="w">2017-01-05</subfield>
    <subfield code="y">BK</subfield>
  </datafield>
  <datafield tag="952" ind1=" " ind2=" ">
    <subfield code="0">0</subfield>
    <subfield code="1">0</subfield>
    <subfield code="4">0</subfield>
    <subfield code="7">0</subfield>
    <subfield code="a">RCMS</subfield>
    <subfield code="b">RCMS</subfield>
    <subfield code="c">GEN</subfield>
    <subfield code="d">2013-03-05</subfield>
    <subfield code="l">1</subfield>
    <subfield code="o">621.382</subfield>
    <subfield code="p">RCMS000329</subfield>
    <subfield code="r">2022-11-18</subfield>
    <subfield code="s">2022-09-30</subfield>
    <subfield code="w">2017-01-05</subfield>
    <subfield code="y">BK</subfield>
  </datafield>
  <datafield tag="952" ind1=" " ind2=" ">
    <subfield code="0">0</subfield>
    <subfield code="1">0</subfield>
    <subfield code="4">0</subfield>
    <subfield code="7">0</subfield>
    <subfield code="a">NQC</subfield>
    <subfield code="b">NQC</subfield>
    <subfield code="c">GEN</subfield>
    <subfield code="d">2014-04-25</subfield>
    <subfield code="o">621.382</subfield>
    <subfield code="p">RCMS000327</subfield>
    <subfield code="r">2014-04-25</subfield>
    <subfield code="w">2014-04-25</subfield>
    <subfield code="y">BK</subfield>
  </datafield>
</record>
